Вопросы физики формообразования и фазовых превращений: сборник научных трудов

Detaylı Bibliyografya
Müşterek Yazar: Калининский государственный университет
Diğer Yazarlar: Щербаков Л. М. Л. М. (редактор)
Dil:Rusça
Baskı/Yayın Bilgisi: Калинин, Изд-во КГУ, 1985
Konular:
Materyal Türü: Kitap
KOHA link:https://koha.lib.tpu.ru/cgi-bin/koha/opac-detail.pl?biblionumber=275344

MARC

LEADER 00000nam0a2200000 4500
001 275344
005 20251220071622.0
020 |a RU  |b 85-15403 
035 |a (RuTPU)RU\TPU\book\298585 
090 |a 275344 
100 |a 20141113d1985 k y0rusy5003 ca 
101 0 |a rus 
102 |a RU 
105 |a a z 000zy 
200 1 |a Вопросы физики формообразования и фазовых превращений  |e сборник научных трудов  |f Калининский государственный университет ; под ред. Л. М. Щербакова 
210 |a Калинин  |c Изд-во КГУ  |d 1985 
215 |a 171 с.  |c ил. 
606 1 |a Фазовые превращения  |2 stltpush  |3 (RuTPU)RU\TPU\subj\60504  |9 77785 
610 1 |a формообразования 
610 1 |a поверхностные явления 
610 1 |a физика 
610 1 |a термодинамика 
610 1 |a кинетика 
610 1 |a жидкие кристаллы 
675 |a 536.42  |z rus  |v 3 
702 1 |a Щербаков  |b Л. М.  |g Л. М.  |4 340 
712 0 2 |7 ca  |8 rus  |a Калининский государственный университет  |c 1971-1990  |2 stltpush  |3 (RuTPU)RU\TPU\col\6821  |9 24273 
801 0 |a RU  |b RuMRKP  |c 19950704  |g psbo 
801 1 |a RU  |b 63413507  |c 20141113 
801 2 |a RU  |b 63413507  |c 20170126  |g RCR 
942 |c BK